000 00385nam a2200145Ia 4500
008 210430s9999 xx 000 0 und d
020 _a978-81-203-2512-8
082 _a541.3 K993 C
100 _aB.G.Kyle
_910674
245 _aChemical and Process Thermodynamics /
_cB.G.Kyle
250 _a3rd edition
260 _aIndia
_bAsoke K.Ghosh
_c1999
300 _a760p
942 _cBK
_2ddc
999 _c563963
_d563963